Estadísticas para Países de la Primavera Árabe

Haz click aquí para tomar la prueba!

Estadísticas generales

  • Esta prueba ha sido tomada 628 veces
  • La puntuación promedio es 4 de 5

Estadísticas de respuestas

País % Correcto
Egipto
93%
Libia
90%
Siria
87%
Túnez
79%
Yemen
64%

Distribución de puntuación

Porcentaje por número respondido

Porcentaje de gente con cada puntuación

Historial de tus puntuaciones

No has tomado esta prueba